| 000 | 00386nam a22001457a 4500 | ||
|---|---|---|---|
| 020 | _a8131406431 | ||
| 082 |
_a630.33 _bBHA/IN |
||
| 245 | _aIndia's Agricultural Trade: Challenges and opportunities | ||
| 250 | _a1 | ||
| 260 |
_aAgartala - Tripura _bThe Icfai University Press _c2007 |
||
| 300 | _a300 | ||
| 700 |
_aBhaskaran S. _91296 |
||
| 700 |
_aKumaravel K. S. _91297 |
||
| 942 | _cBBS | ||
| 999 |
_c14735 _d14735 |
||